| 000 | 00392nam a2200157Ia 4500 | ||
|---|---|---|---|
| 005 | 20250425160755.0 | ||
| 008 | 250425s9999 xx 000 0 und d | ||
| 041 | _aspa | ||
| 082 | _a378.1006 | ||
| 245 | 0 | _aACTAS : COMITE EJECUTIVO, CONSEJO, ASAMBLEA GENERAL DE MIEMBROS | |
| 250 | _a1A ED. | ||
| 260 |
_aEstados Unidos _bS.E. _c1985 |
||
| 260 | _aS.L. | ||
| 942 | _c01 | ||
| 010 | _a4949 | ||
| 999 |
_c195894 _d195894 |
||